000 00509nam a22001817a 4500
005 20251108170518.0
008 250721s9999 xx 000 0 ara d
082 1 4 _aط/ق/باي
245 1 0 _aبائعة الكبريت /
264 1 _aبيروت :
_bدار الشرق العربي،
_c[19-].
300 _a14ص
490 0 _aقصصي الجميلة
650 1 7 _aالقصص العربية
650 1 7 _aالأدب العربي
650 1 7 _aأدب الأطفال
942 _2ddc
_cBK
999 _c42292
_d42292